Význam evidencie nákladov a ich účtovné poňatie v nákladovom a finančnom účtovníctve bakalárska práca

Uložené v:
Podrobná bibliografia
Hlavný autor: Kostelník, Martin
Korporativný autor: Fakulta hospodárskej informatiky EU. Katedra účtovníctva a audítorstva
Ďalší autori: Mokošová, Daša, 1979-
Médium: Kniha
Jazyk:Slovak
Vydavateľské údaje: Bratislava 2010
Tagy: Pridať tag
Žiadne tagy, Buďte prvý, kto otaguje tento záznam!

MARC

LEADER 00000nam$a2200000$$$4500
001 0137062
005 20240320072854.2
041 0 |a slo 
044 |a SK 
245 1 0 |a Význam evidencie nákladov a ich účtovné poňatie v nákladovom a finančnom účtovníctve  |b bakalárska práca  |c Martin Kostelník ; školiteľ: Daša Mokošová 
264 1 |a Bratislava  |c 2010 
300 |a 41 s. 
100 1 |a Kostelník, Martin 
700 1 |a Mokošová, Daša, 1979- 
710 2 |a Fakulta hospodárskej informatiky EU. Katedra účtovníctva a audítorstva